Logo Biblioteca

Las marcas de la mentira / (Registro nro. 948)

Detalles MARC
000 -LEADER
fixed length control field 01498nam a22002777a 4500
003 - CONTROL NUMBER IDENTIFIER
control field AR-RoUNCS
005 - DATE AND TIME OF LATEST TRANSACTION
control field 20260306131041.0
007 - PHYSICAL DESCRIPTION FIXED FIELD--GENERAL INFORMATION
fixed length control field ta
008 - FIXED-LENGTH DATA ELEMENTS--GENERAL INFORMATION
fixed length control field 160802s2015 ag gr 001 f spa
015 ## - NATIONAL BIBLIOGRAPHY NUMBER
National bibliography number AR-2015
020 ## - INTERNATIONAL STANDARD BOOK NUMBER
International Standard Book Number 978-950-46-4483-5
040 ## - CATALOGING SOURCE
Original cataloging agency AR-BaBN
Language of cataloging spa
Transcribing agency AR-RoUNCS
Description conventions aacr
044 ## - COUNTRY OF PUBLISHING/PRODUCING ENTITY CODE
MARC country code ag
ISO country code ar-c
080 1# - UNIVERSAL DECIMAL CLASSIFICATION NUMBER
Universal Decimal Classification number 82-312.4(82)
Edition identifier 2016
100 1# - MAIN ENTRY--PERSONAL NAME
Personal name Ferrari, Andrea,
Dates associated with a name 1961-
Relator term autora
245 14 - TITLE STATEMENT
Title Las marcas de la mentira /
Statement of responsibility, etc. Andrea Ferrari.
250 ## - EDITION STATEMENT
Edition statement 1a ed.
260 ## - PUBLICATION, DISTRIBUTION, ETC.
Place of publication, distribution, etc. Ciudad Autónoma de Buenos Aires :
Name of publisher, distributor, etc. Loqueleo,
Date of publication, distribution, etc. 2015.
300 ## - PHYSICAL DESCRIPTION
Extent 218 p. ;
Dimensions 22 cm.
490 0# - SERIES STATEMENT
Series statement Serie Roja. Sol de Noche ;
Volume/sequential designation 2
520 3# - SUMMARY, ETC.
Summary, etc. Un auto se desbarranca en una ruta turística y cae al vacío. Cuando logran recuperarlo encuentran en su interior el cadáver de un hombre que lleva en la espalda el tatuaje de una enorme águila. ¿Quién es realmente? ¿Qué esconde? Convertida ya en periodista, Sol Linares se sumerge esta vez en una historia donde nada es lo que parece, que rápidamente domina las pantallas y las tapas de los diarios. Quien le tiende una mano es nuevamente A.L.Timón, ese inquietante personaje que sabe mucho y se niega a revelar su identidad. Para Sol será también el momento de enfrentar la historia de una madre a quien casi no conoció y las extrañas circunstancias que rodearon su muerte. (Descripción del editor)
650 #7 - SUBJECT ADDED ENTRY--TOPICAL TERM
Source of heading or term embne
Topical term or geographic name entry element Literatura argentina
655 #7 - INDEX TERM--GENRE/FORM
Genre/form data or focus term Novelas policiacas
Source of term embne
655 #7 - INDEX TERM--GENRE/FORM
Genre/form data or focus term Novelas juveniles
Source of term embne
942 ## - ADDED ENTRY ELEMENTS (KOHA)
Source of classification or shelving scheme Universal Decimal Classification
Koha item type Obra General
Suppress in OPAC No
Existencias
Withdrawn status Lost status Source of classification or shelving scheme Damaged status Not for loan Collection Home library Current library Date acquired Source of acquisition Total checkouts Full call number Barcode Date last seen Price effective from Koha item type
    Universal Decimal Classification     Colección General Biblioteca Escuela de Ciencias Sociales Biblioteca Escuela de Ciencias Sociales 06/03/2026 Donación 2023   82-312.4(82) F375 000374 06/03/2026 06/03/2026 Obra General
Biblioteca de la Escuela Preuniversitaria en Ciencias Sociales y Humanísticas.
Riobamba 250 bis.
CP 2000 - Rosario - Santa Fe
E-Mail: biblioteca@esociales.unr.edu.ar